000 00670cam a22002413a 4500
001 26161
003 PGUSA
005 20140828083549.0
008 080731s2008||||xxu|||||s|||||000 1 eng d
040 _aPGUSA
_beng
042 _adc
050 4 _aPL
100 1 _aPu, Songling,
_d1640-1715
245 1 0 _a醒世姻緣
_h[electronic resource] /
_cSongling Pu
260 _bProject Gutenberg,
_c2008
506 _aPublic domain in the USA.
516 _aElectronic text
653 _aChinese fiction -- Qing dynasty, 1644-1912
740 0 _aXing shi yin yuan
830 0 _aProject Gutenberg
_v26161
856 4 0 _uhttp://www.gutenberg.org/ebooks/26161
942 _cEB
999 _c255416
_d255416